000 00505nam a2200157 i 4500
001 65094
003 ES-MaACL
005 20230906165310.0
007 t|
008 040108s1928 sp ||||1| spa d
100 1 _aFragoso, Fernando.
_952085
245 1 0 _aOrganización de la Armada en todos sus ramos
_b: contestaciones al programa para ingresar en el cuerpo jurídico de la Armada /
_cFernando Fragoso.
260 _aMadrid :
_bReus,
_c1928.
300 _a250 p. ;
_c22 cm.
852 _aES-MaACL
_jA-610
999 _c65094
_d65094